| 000 | 00528nam a22001577a 4500 | ||
|---|---|---|---|
| 003 | NUST | ||
| 038 | _aNusrat Nadeem | ||
| 082 | _a200 | ||
| 100 |
_aKhurshid, Kasshf _9130594 |
||
| 245 |
_aAnalyzing the Role of L-Dopa in Motor Symptom Fluctuations using Wearables and Transformers/ _cKasshf Khurshid, |
||
| 264 |
_aIslamabad: _bSEECS NUST. _c2025. |
||
| 650 |
_aMS-Computer Science _926780 |
||
| 700 |
_aSupervisor: Dr. Qaiser Riaz _996872 |
||
| 856 | _uhttp://10.250.8.41:8080/xmlui/handle/123456789/54790 | ||
| 942 |
_2ddc _cSC |
||
| 999 |
_c614785 _d614785 |
||